000 00596nam a22002057a 4500
999 _c8148
_d8148
003 OSt
005 20230511114152.0
008 230511b ||||| |||| 00| 0 eng d
020 _a9780547242064
040 _cDDC
082 _a597.17 PAG 2011
100 _aPage,Lawlence M.; Burr,Brooks M
_916643
245 _aPeterson field guide to freshwater fishes of North America north of Mexico
250 _a2nd ed.
260 _aNew York;
_bHarper Collins,
_c2011
300 _axix,663p;
_bcol.il:
_c18.5cm
504 _aGlossary & index included
650 _aFishes
_912837
942 _2ddc
_cO_SHELF